[Event "Amber-rapid 20th"]
[Site "Monte Carlo"]
[Date "2011.03.18"]
[Round "6"]
[White "Nakamura, Hikaru"]
[Black "Gelfand, Boris"]
[Result "0-1"]
[WhiteElo "2774"]
[BlackElo "2733"]
[Annotator "Ftacnik,L"]
[PlyCount "70"]
[EventDate "2011.03.12"]
[EventType "tourn (rapid)"]
[EventRounds "11"]
[EventCountry "MNC"]
[EventCategory "21"]
[SourceTitle "CBM 142"]
[Source "ChessBase"]
[SourceDate "2011.05.17"]
[SourceVersion "1"]
[SourceVersionDate "2011.05.17"]
[SourceQuality "1"]

1. d4 Nf6 2. c4 e6 3. Nc3 Bb4 4. e3 O-O 5. Bd3 d5 6. cxd5 exd5 7. Nge2 {
The developemnt of the knight to e2 seems to be a bit passive, but it keeps
open the option of a central advance with f3, e4.} Re8 8. O-O Bf8 9. Bd2 b6 10.
Rc1 (10. Qc2 c5 11. dxc5 bxc5 12. Nf4 Nc6 13. Bb5 Bb7 14. Na4 Rc8 15. Rfd1 a6
16. Bf1 Ne5 17. Be1 Qc7 18. Rac1 Ng6 19. Nxg6 hxg6 20. h3 Bd6 $15 {1/2-1/2
Kacheishvili,G (2505)-Dizdar,G (2550)/Pula 1997/ (37)}) (10. Ng3 Ba6 11. Bxa6
Nxa6 12. Qa4 Nb8 13. Rfc1 c5 14. dxc5 bxc5 15. b4 Nbd7 16. bxc5 Nxc5 17. Qd4
Ne6 18. Qa4 Nc5 {1/2-1/2 Richter,M (2431)-Seils,J (2366)/Germany 2005/}) 10...
c5 {Gelfand is not afraid of White's massive piece mobilisation, as the forces
seem rather passive.} (10... Bb7 11. Ng3 (11. Qa4 c6 12. Ng3 Nbd7 13. Nce2 a5
14. Bb1 g6 15. a3 b5 16. Qc2 Nb6 17. Nf4 Nc4 18. Nd3 Bd6 19. Qd1 Qe7 20. Be1
Bc8 21. Ne5 Nxe5 22. dxe5 Bxe5 23. Rxc6 Bxb2 $17 {1/2-1/2 Soos,B-Haag,E/
Bucharest 1967/ (32)}) 11... c5 12. Nce2 Nc6 13. dxc5 bxc5 14. Qa4 Ne5 15. Bb5
Re7 16. Ba5 Qb8 17. Nf4 a6 18. Be2 Re8 19. Bc3 Qa7 20. Rfd1 Rad8 $2 21. Bb5 {
1-0 Gislason,G (2295)-Akesson,R (2445)/Reykjavik 1988/ (48)}) 11. Nf4 (11. dxc5
bxc5 12. Qa4 Nbd7 13. Rfd1 a6 14. Nf4 Ne5 15. Bb5 Re7 16. Be1 Bb7 17. Bf1 Rd7
18. Nce2 Bc6 19. Qa5 Qb8 20. b3 Raa7 {1-0 Aleksandrov,A (2650)-Georgiev,K 
(2650)/Budva 2002/ (51)}) 11... Ba6 {It is no secret that the white bishop on
d3 is currently White's most valuable piece and will be sorely missed.} 12. Qf3
(12. Bxa6 Nxa6 13. Qf3 Nc7 14. dxc5 bxc5 15. Na4 Ne4 (15... g5 16. Nh5 Nxh5 17.
Qxh5 Ne6 18. Qg4 $14) 16. Ba5 d4 17. exd4 Qxd4 18. Bxc7 Qxa4 $14) 12... Bxd3
13. Nxd3 Nc6 14. dxc5 $6 {Nakamura knows no fear and by creating hanging pawns
in the centre he opens up the decisive phase of the fight.} (14. Nf4 cxd4 15.
exd4 (15. Ncxd5 Ne4 $15) 15... Nxd4 16. Qd3 Nc6 17. Ncxd5 Nxd5 18. Nxd5 Ne7 $11
) 14... bxc5 15. Rfd1 c4 (15... Rc8 16. b3 d4 17. Ne2 $11) 16. Nf4 (16. Ne1 Rb8
17. Rb1 Ne5 18. Qh3 Bc5 $17) 16... Ne5 17. Qh3 (17. Qg3 Bd6 18. Ncxd5 Nxd5 19.
Nxd5 Nd3 20. Qf3 Nxc1 21. Bxc1 Qg5 $15) 17... Rb8 18. Rc2 $2 {The American
star is very strong in active play, but not outstanding when the task is of a
defensive nature. Objectively stronger was the subversive 18.b3!} (18. b3 $1
Rb7 (18... cxb3 19. axb3 Rxb3 20. Be1 Ba3 21. Rc2 Qc8 22. Qxc8 Rxc8 23. Ra2 $11
) 19. Be1 Rd7 $15) 18... Nd3 $1 19. Qf3 (19. b3 Nxf4 20. exf4 d4 21. Na4 Ne4
$19) (19. Nxd3 cxd3 20. Rcc1 Bd6 $1 (20... Rxb2 21. Be1 $15) 21. g3 (21. b3 Ba3
22. Rb1 d4 23. exd4 Qxd4 $17) 21... Rxb2 22. Qf1 Qd7 $17) 19... d4 $1 {The
blows are coming in quick succession. Even the cluster of white pieces around
c-e files can not prevent his falling behind.} 20. exd4 (20. Na4 Qd7 21. Nxd3
Qxa4 22. Ne1 Qxa2 $17) 20... Rxb2 21. Rxb2 Nxb2 22. Rc1 (22. Rb1 Qxd4 23. Be1 (
23. Rxb2 $2 Qxd2 $19) 23... Nd3 $17) 22... Qxd4 23. Be3 Qe5 {Gelfand did not
have to pay any positional price for his spare pawn on c4, his chances of
success are very good.} 24. g3 (24. Ncd5 Ne4 25. h4 Nd3 $17) 24... Nd3 25. Nxd3
(25. Rc2 $2 Ne1 $19) 25... cxd3 26. Bd2 (26. Kg2 Bb4 27. Bd2 Rd8 $19) 26... Qd4
27. Rb1 Qc4 28. Rb3 Bb4 $1 {Putting pressure on the cluster of white pieces is
a very efficient method of fighting the potential counterplay.} 29. Kg2 (29.
Qf4 Qxf4 30. Bxf4 Ba5 31. Ra3 Bb6 32. Kf1 Rd8 $17) 29... a5 30. Nb1 (30. Qf4
Qe6 31. Qd4 Nd7 $19) 30... Rd8 $1 {The main trump for Black is d3 and it
deserves close attention.} 31. Bxb4 axb4 32. Nd2 Qc2 33. Qf4 (33. Nf1 Nd5 34.
Qe4 h5 35. Qd4 Qxa2 36. Rxd3 Nf4+ 37. Qxf4 Rxd3 38. Qxb4 Qd5+ $19) 33... Nd5
34. Qh4 f6 35. Qc4 $2 {Difficult defence can wear down even the best player.
Nakamura under pressure makes a serious tactical oversight.} (35. Nc4 d2 $19)
35... Qxd2 (35... Qxd2 36. Rxd3 Qxd3 $1 37. Qxd3 Nf4+ $19) 0-1

[Event "London Classic 3rd"]
[Site "London"]
[Date "2011.12.12"]
[Round "9"]
[White "Nakamura, Hikaru"]
[Black "Adams, Michael"]
[Result "1-0"]
[WhiteElo "2758"]
[BlackElo "2734"]
[Annotator "RR"]
[PlyCount "81"]
[EventDate "2011.12.03"]
[EventType "tourn"]
[EventRounds "9"]
[EventCountry "ENG"]
[EventCategory "20"]
[SourceTitle "CBM 146"]
[Source "ChessBase"]
[SourceDate "2012.01.18"]
[SourceVersion "1"]
[SourceVersionDate "2012.01.18"]
[SourceQuality "1"]

1. e4 e5 2. f4 exf4 3. Nf3 d5 4. exd5 Nf6 5. Bc4 Nxd5 6. O-O Be6 7. Bb3 c5 8.
Kh1 Nc6 9. d4 c4 10. Ba4 Bd6 11. b3 c3 12. Qd3 O-O 13. Bxc6 bxc6 14. Nxc3 Re8
15. Nxd5 Bxd5 16. c4 Be4 17. Qc3 a5 18. a3 f6 19. Bb2 Ra7 20. Rad1 Rae7 21. b4
axb4 22. axb4 Kh8 23. Qb3 Rb7 24. Bc3 Qb8 25. b5 cxb5 26. c5 b4 27. Bd2 Bf8 28.
Rde1 g5 29. Qc4 g4 30. Nh4 $2 (30. c6 Rg7 31. Ne5 $15) 30... f3 $2 (30... b3
31. c6 Rbe7 $19) 31. d5 $17 fxg2+ 32. Nxg2 Bf3 33. Kg1 Rc8 34. c6 Rb5 35. Nf4
Bc5+ $2 (35... b3 36. Qc3 b2 $19) 36. Be3 $17 Bxe3+ $2 (36... Qb6 37. Qc1 Bxe3+
$17) 37. Rxe3 $14 Qb6 38. Rfe1 b3 $2 (38... Ra5 39. Kf1 Ra1 $1 $14) 39. Qc3 $18
Rf8 40. Ne6 b2 41. c7 1-0

[Event "Tata Steel-A 74th"]
[Site "Wijk aan Zee"]
[Date "2012.01.15"]
[Round "2"]
[White "Aronian, Levon"]
[Black "Nakamura, Hikaru"]
[Result "1-0"]
[WhiteElo "2805"]
[BlackElo "2759"]
[Annotator "Marin,M"]
[PlyCount "117"]
[EventDate "2012.01.14"]
[EventType "tourn"]
[EventRounds "13"]
[EventCountry "NED"]
[EventCategory "21"]
[SourceTitle "CBM 147"]
[Source "ChessBase"]
[SourceDate "2012.03.16"]
[SourceVersion "1"]
[SourceVersionDate "2012.03.16"]
[SourceQuality "1"]

1. d4 f5 2. g3 Nf6 3. Bg2 g6 4. Nf3 Bg7 5. O-O O-O 6. c4 d6 7. Nc3 c6 8. Qb3 {
This move came into the limelight on the occasion of the KO match between
Korchnoi and Dolmatov, Las Vegas 1999.} Kh8 9. Rd1 Na6 10. Qa3 Nc7 11. d5 c5
12. b4 $146 {White opens the queenside before Black gets to do it with ...b5.}
(12. Rb1 {was played before in a couple of games.}) 12... cxb4 13. Qxb4 Na6 14.
Qb1 Bd7 15. Nb5 Rc8 16. Nd2 Qb6 17. e3 Nc5 18. a4 Qa5 19. Ba3 a6 20. Bb4 Qd8
21. Nd4 Nxa4 22. Ne6 Bxe6 23. dxe6 Qe8 24. Bxb7 Rb8 25. Bxa6 $5 {At first
sight, this looks impossible.} Nc3 26. Bxc3 $1 Rxb1 27. Rdxb1 {With his better
coordination and the molesting e6-pawn, White has excellent compensation for
the small material investment.} g5 28. Rb7 Ng8 29. Bxg7+ Kxg7 30. Rb5 Qg6 31.
c5 dxc5 32. Rxc5 Qxe6 {Judging from the ulterior course of the game, vacating
this square for the enemy knight does not seem like a good idea.} (32... f4 $5)
33. Nf3 Qd6 34. Nd4 Kh8 35. Rc6 Qd7 36. Rac1 f4 37. Bc8 Qa7 38. Ne6 {This is
starting to look like a general invasion already. White's position is easier
to play already, if not objectively better.} Rf6 39. exf4 gxf4 40. Rc7 Qa4 41.
Nxf4 Rd6 42. Be6 Rd1+ 43. Rxd1 Qxd1+ 44. Kg2 Nf6 45. Rxe7 $16 Qe1 46. Rf7 Qe4+
47. f3 Qd4 48. Kh3 Qe5 49. Kh4 Qd4 50. Bg4 Qe5 51. Ne6 h6 52. Rf8+ Ng8 53. f4
Qb2 54. Kh3 Qa1 55. Bh5 Kh7 56. Rf7+ Kh8 57. Bg6 Nf6 58. Rf8+ Ng8 59. Bf7 1-0

[Event "Tata Steel-A 74th"]
[Site "Wijk aan Zee"]
[Date "2012.01.20"]
[Round "6"]
[White "Gelfand, Boris"]
[Black "Nakamura, Hikaru"]
[Result "0-1"]
[WhiteElo "2739"]
[BlackElo "2759"]
[Annotator "Marin,M"]
[PlyCount "74"]
[EventDate "2012.01.14"]
[EventType "tourn"]
[EventRounds "13"]
[EventCountry "NED"]
[EventCategory "21"]
[SourceTitle "CBM 147"]
[Source "ChessBase"]
[SourceDate "2012.03.16"]
[SourceVersion "1"]
[SourceVersionDate "2012.03.16"]
[SourceQuality "1"]

1. d4 f5 2. g3 Nf6 3. Bg2 g6 4. c4 Bg7 5. Nc3 O-O 6. Nf3 d6 7. O-O c6 8. d5 {
Gelfand chooses the classic old line.} ({One would expect that Nakamura had
found a viable plan for Black after} 8. Rb1 {Kramnik,V (2788)-Nakamura,H (2708)
/Wijk aan Zee 2010/CBM 135/[Marin,M] (1-0, 44)}) 8... e5 9. dxe6 Bxe6 10. b3 {
This is the most flexible way to defend c4, since the instant weakening of the
long diagonal is not really dangerous.} (10. Qd3 {places the queen on a
vulnerable square, while b2-b3 will be necessary at a later stage anyway.} Re8
11. Ng5 Nbd7 {Chuchelov,V (2540)-Renner,C (2445) Berlin 1997 CBM 059 ext 
[Chuchelov] (1-0, 40). According to the winner's comments, Black was doing
fine in this game.}) 10... Re8 ({I see no difference between this move order
and} 10... Na6 11. Bb2 Re8 {, as Nakamura had played against Ponomariov.}) (
10... Ne4 {is considered to be risky, but Nakamura played it twice in blitz
games:} 11. Nxe4 ({One of the games is saved as} 11. Nd4 $4 Bf7 $4 {They might
have played so quickly that the moves 11.Nxe4 dxe4 were not perceived by the
sensors.}) 11... fxe4 (11... Bxa1 12. Nxd6 $16 {has long been known to be good
for White.}) 12. Nd4 Bf7 13. Rb1 d5 (13... Re8 14. Bb2 Nd7 15. Nc2 Nf6 16. Ne3
a5 17. a4 Qe7 18. Qd2 Red8 19. Rfd1 d5 20. cxd5 Bxd5 21. Nxd5 Nxd5 $11 {
Agdestein,S (2570)-Nakamura,H (2741)/Oslo 2010/CBM 139 Extra (1-0)}) 14. cxd5
cxd5 15. Ba3 Re8 16. e3 Nd7 17. Qe2 Rc8 18. Rfc1 Qa5 19. Bb2 Ne5 $36 {
Johannessen,L (2514)-Nakamura,H (2741)/Oslo 2010/CBM 139 Extra (0-1, 25).
Although Nakamura did not play this line in games at normal time rate, we can
infer that he likes the structure with a pawn on e4, the same as in our main
game.}) 11. Bb2 Na6 12. Ng5 {The critical continuation. By exchanging the
e6-bishop, White hopes to add force to his thematic queenside attack b4-b5.} (
12. Qc2 Qe7 13. Rad1 Rad8 14. e3 Nb4 15. Qb1 a5 16. Ng5 Bc8 {Black has
regrouped flexibly and preserved the bishop pair at the same time. White needs
to find a way to prepare the queenside attack.} 17. Ne2 Ng4 18. Bxg7 Kxg7 19.
Nf3 Qf6 20. a3 Na6 21. b4 Be6 22. Rc1 axb4 23. axb4 Bf7 24. Ned4 c5 $1 25. bxc5
dxc5 26. Nb5 b6 27. h3 Ne5 28. Nxe5 Qxe5 29. Qa2 Nb4 $132 {Ponomariov,R (2754)
-Nakamura,H (2774)/Saint Louis 2011/CBM 142 Extra (1/2, 93)}) (12. Nd4 Rc8 $6 (
12... Bf7) 13. e4 $1 $36 {Gheorghiu,F (2525)-Zimmer/Baden-Baden 1987/TD (1-0,
27)}) 12... Qe7 13. Nxe6 Qxe6 14. Qc2 Nc5 15. Rad1 Rad8 16. e3 {So far, both
sides have played natural moves. Having completed the development, they need
to take concrete decisions. For Black, it is important to choose in which way
he will make use of the e4-square, controlled by the majority of his pieces.}
Nce4 (16... Ng4 {is likely to lead to loss of time.} 17. Rfe1 Qf7 18. h3 Nf6
19. b4 Nce4 20. Nxe4 Nxe4 21. Bxg7 Qxg7 22. b5 Qe5 23. bxc6 bxc6 24. Rd4 Rd7
25. Red1 {Black is in no immediate danger yet, but my feeling when having this
structure is that the defence is sometimes hanging by a thread. Any wrong step
may result in losing the coordination.} h5 $6 26. h4 Kh7 $6 27. Qa4 $2 (27.
Bxe4 $1 fxe4 28. Qa4 Rc8 29. c5 $1 Qxc5 30. Rd5 $1 $16) 27... Qc5 $2 (27...
Nxf2 $1 28. Kxf2 Qxe3+ 29. Kf1 Qxg3 $132) 28. Rd5 $1 $16 {Carlsen,M (2801)
-Cmilyte,V (2480)/Oslo 2009/CBM 133 Extra (1-0, 31)}) (16... Nfe4 17. Nxe4 Nxe4
(17... fxe4 $6 18. Bxg7 Kxg7 19. Rd4 d5 {Laxman,R (2511)-Chua Zheng Yuan,T 
(2256)/Kolkata 2009/CBM 133 Extra (1-0, 51)} 20. cxd5 $1 Rxd5 21. Rxd5 Qxd5 22.
Rd1 Qe5 23. Rd4 $16) 18. Bxg7 Kxg7 {1/2 Sosonko,G (2525)-Dolmatov,S (2630)/
Polanica Zdroj 1993/CBM 037. In fact, Dolmatov managed to defend Black's point
of view in this line more than once. However, Black is struggling slightly,
even without having lost two tempi like in the game above.} 19. Rd4 Ng5 20.
Rfd1 Qf6 21. b4 Re7 22. a4 Qe5 23. b5 Qc5 24. Qb2 Kg8 25. a5 $36 {Gomez
Esteban,J (2400)-Santo Roman,M (2500)/Las Palmas 1991/EXT 1997 (1-0, 41)}) 17.
Nxe4 fxe4 {This is what Nakamura had in mind: the same structure as in his
blitz games above. Although optically speaking Black's centre seems weak, it
is no less important that the g2-bishop is restricted. There is no effective
minority attack (b4-b5) available and the weakness of the f3- and d3-squares
may tell.} 18. Rd2 $146 {A novelty suggested by Tsesarsky.} ({Black did fine
after} 18. Rd4 d5 19. cxd5 cxd5 20. Qd2 Rd7 21. Rd1 Nh5 22. Ra4 Bxb2 23. Qxb2
a6 24. Rad4 Nf6 $11 {Huzman,A (2581)-Neiksans,A (2378)/Batumi 1999/CBM 074/
[Tsesarsky] (1-0, 55)}) 18... d5 {Completely neutralising White's space
advantage.} 19. cxd5 cxd5 {With the e4-pawn on f5 still, the d5-pawn would be
chronically weak.} 20. Qc5 {Hoping to get some benefit from weakening the
enemy queenside.} (20. Rfd1 Re7 {[%cal Ge7d7]}) 20... b6 21. Qb5 {With the
g2-bishop restricted by two black pawns, the weakness of the c6-square is not
that relevant.} Nh5 {In order to reach absolute stability on the dark squares,
Black needs to exchange the bishops.} 22. Ba3 (22. Bxg7 Kxg7 23. Rc1 Nf6 24.
Rc7+ Re7 25. Bh3 Qd6 26. Rxe7+ Qxe7 $11) 22... Bf8 23. Bb2 Bg7 24. Ba3 Be5 $5 {
It seems that Nakamura trusted his position a lot, since he avoids taking an
immediate draw by repetition.} (24... d4 $5 25. exd4 Bxd4 26. Bb2 $11) 25. Rc1
Nf6 26. Rdc2 d4 27. Rc6 (27. exd4 Bxd4 28. Re2 {looks more cautious.}) 27...
Qf5 28. exd4 Bxd4 29. Qxf5 gxf5 {Black has some initiative now.} 30. Bh3 e3 31.
Bxf5 exf2+ 32. Kf1 Be3 33. Rb1 Ne4 34. Bxe4 Rxe4 35. Rc2 $2 {losing
immediately.} (35. Bb2 $15 {[%csl Gd4]}) 35... Red4 $1 36. Ke2 Rd1 $1 37. Rxd1
Rxd1 0-1

[Event "USA-ch"]
[Site "Saint Louis"]
[Date "2012.05.16"]
[Round "8"]
[White "Stripunsky, Alexander"]
[Black "Nakamura, Hikaru"]
[Result "0-1"]
[WhiteElo "2562"]
[BlackElo "2775"]
[Annotator "Let's Check"]
[PlyCount "142"]
[EventDate "2012.05.08"]
[EventType "tourn"]
[EventRounds "11"]
[EventCountry "USA"]
[EventCategory "16"]
[SourceTitle "CBM 149"]
[Source "ChessBase"]
[SourceDate "2012.07.17"]
[SourceVersion "1"]
[SourceVersionDate "2012.07.17"]
[SourceQuality "1"]

1. e4 e6 2. d4 d5 3. Nd2 Nc6 4. Ngf3 Nf6 5. e5 Nd7 6. Nb3 a5 7. a4 Be7 8. Bb5
Na7 9. Bd3 b6 10. Bd2 c5 11. dxc5 Nxc5 12. Nxc5 bxc5 13. b3 O-O 14. Qe2 Nc6 15.
Bb5 Qb6 16. O-O Ba6 17. c4 Bb7 18. Rad1 Nb4 19. Ng5 h6 20. Nh3 d4 21. Nf4 Kh7
22. Rfe1 Rg8 23. Nd3 Raf8 24. Nxb4 axb4 25. Qd3+ g6 26. Bf4 Kg7 27. Qh3 g5 28.
Bg3 Kh7 29. Qg4 Rg6 30. h3 Kg7 31. Qh5 Rg8 32. Rd3 Qa7 33. f3 Bd8 34. Kf2 Kf8
35. Ke2 Bc7 36. Kd1 Qa8 37. Kc1 f5 38. Bh2 Ke7 39. Rd2 f4 40. Bg1 Qf8 41. Bxd4
cxd4 42. Rxd4 Bc8 43. c5 Qg7 44. Rd6 Bxd6 45. cxd6+ Kd8 46. Bd3 Bb7 $1 47. Qxg6
Qxg6 48. Bxg6 Rxg6 49. Rd1 Bd5 50. Rd4 Kd7 51. Rxb4 Rg8 52. Kd2 Rf8 53. a5 h5
54. Rb6 Ra8 $6 (54... Rf5 55. a6 Rxe5 $17) 55. b4 g4 56. hxg4 hxg4 57. fxg4
Bxg2 58. a6 Bd5 59. Rb5 f3 60. Ke3 Rf8 61. Kf2 Rh8 62. Rxd5 $4 (62. Rc5 Rh2+
63. Kf1 $11) 62... exd5 $19 63. b5 Rb8 64. g5 Rxb5 65. g6 Rb8 66. a7 Ra8 67. g7
Ke6 68. Kxf3 Kxe5 69. d7 Kd6 70. Kf4 Kxd7 71. Ke5 Kc6 0-1

[Event "Moscow Tal Memorial 7th Blitz"]
[Site "Moscow"]
[Date "2012.06.07"]
[Round "2"]
[White "Morozevich, Alexander"]
[Black "Nakamura, Hikaru"]
[Result "1/2-1/2"]
[WhiteElo "2769"]
[BlackElo "2775"]
[PlyCount "122"]
[EventDate "2012.06.07"]
[EventType "tourn (blitz)"]
[EventRounds "9"]
[EventCountry "RUS"]
[EventCategory "22"]
[SourceTitle "CBM 148 Extra"]
[Source "ChessBase"]
[SourceDate "2012.06.22"]
[SourceVersion "1"]
[SourceVersionDate "2012.06.22"]
[SourceQuality "1"]

{https://www.youtube.com/watch?v=YCvz8ZLT8ew} 1. Nf3 e6 2. c4 b6 3. g3 Bb7 4.
Bg2 f5 5. O-O Nf6 6. Nc3 Bb4 7. Qb3 Bxc3 8. bxc3 O-O 9. a4 Nc6 10. d3 Rb8 11.
Ba3 Re8 12. c5 bxc5 13. Bxc5 Ne5 14. Bxa7 Bxf3 15. Qxb8 Qxb8 16. Bxb8 Bxg2 17.
Rfb1 Ba8 18. Bxc7 Nc6 19. c4 d5 20. a5 dxc4 21. dxc4 Rc8 22. Bb6 g5 23. a6 Kf7
24. a7 e5 25. f3 h5 26. Bc5 Nd7 27. Bd6 Ke6 28. c5 g4 29. Kf2 gxf3 30. exf3 e4
31. Ra6 Kd5 32. Rd1+ Kc4 33. Raa1 Nb4 34. Rac1+ Kb5 35. Ke3 exf3 36. c6 Nxc6
37. Bf4 Nb6 38. Rb1+ Nb4 39. Bd6 Nc4+ 40. Kf4 Nxd6 41. Rxd6 f2 42. Rd2 Ka5 43.
Kg5 f4 44. Rxf2 Rg8+ 45. Kxh5 f3 46. g4 Be4 47. Rb3 Nd5 48. Rbxf3 Bxf3 49. Rxf3
Kb6 50. Rf5 Nc7 51. g5 Kxa7 52. h4 Kb6 53. g6 Kc6 54. Kg5 Kd6 55. h5 Ne6+ 56.
Kg4 Ke7 57. Rf7+ Kd6 58. Ra7 Ke5 59. Ra5+ Kd6 60. Ra6+ Ke5 61. Ra5+ Kd6 1/2-1/2